| 000 -LEADER |
| fixed length control field |
00790cem a2200301 a 4500 |
| 001 - CONTROL NUMBER |
| control field |
5573555 |
| 005 - DATE AND TIME OF LATEST TRANSACTION |
| control field |
20180115095233.0 |
| 007 - PHYSICAL DESCRIPTION FIXED FIELD--GENERAL INFORMATION |
| fixed length control field |
ad|canzn |
| 008 - FIXED-LENGTH DATA ELEMENTS--GENERAL INFORMATION |
| fixed length control field |
990409s1999 dcu e 1 eng |
| 010 ## - LIBRARY OF CONGRESS CONTROL NUMBER |
| LC control number |
99027026 |
| 017 ## - COPYRIGHT OR LEGAL DEPOSIT NUMBER |
| Copyright or legal deposit number |
VA 991-771 |
| Assigning agency |
U.S. Copyright Office |
| 020 ## - INTERNATIONAL STANDARD BOOK NUMBER |
| International Standard Book Number |
0792275284 (regular ed.) |
| 020 ## - INTERNATIONAL STANDARD BOOK NUMBER |
| International Standard Book Number |
0792275292 (deluxe ed.) |
| 034 0# - CODED CARTOGRAPHIC MATHEMATICAL DATA |
| Category of scale |
a |
| 040 ## - CATALOGING SOURCE |
| Original cataloging agency |
DLC |
| Transcribing agency |
DLC |
| Modifying agency |
DLC |
| 041 ## - LANGUAGE CODE |
| Language code of text/sound track or separate title |
eng |
| 052 ## - GEOGRAPHIC CLASSIFICATION |
| Geographic classification area code |
3200 |
| 080 ## - UNIVERSAL DECIMAL CLASSIFICATION NUMBER |
| Universal Decimal Classification number |
912 |
| 082 00 - DEWEY DECIMAL CLASSIFICATION NUMBER |
| Classification number |
912 |
| Edition number |
20 |
| 100 ## - Rafti |
| Rafti |
42 |
| 101 ## - Shkurtesa |
| Shkurtesa |
GJE |
| 245 10 - TITLE STATEMENT |
| Title |
Atlas of the world. |
| 246 3# - VARYING FORM OF TITLE |
| Title proper/short title |
National Geographic atlas of the world. |
| 255 ## - CARTOGRAPHIC MATHEMATICAL DATA |
| Statement of scale |
Scales differ. |
| 906 ## - LOCAL DATA ELEMENT F, LDF (RLIN) |
| a |
7 |
| b |
cbc |
| c |
origcop |
| d |
u |
| e |
ocip |
| f |
19 |
| g |
y-geogmaps |
| 942 ## - ADDED ENTRY ELEMENTS (KOHA) |
| Source of classification or shelving scheme |
|
| Item type |
Books |